LEADER 03771nam 22007335 450 001 996466264003316 005 20200706172705.0 010 $a3-642-25367-9 024 7 $a10.1007/978-3-642-25367-6 035 $a(CKB)3390000000021983 035 $a(SSID)ssj0000609088 035 $a(PQKBManifestationID)11363903 035 $a(PQKBTitleCode)TC0000609088 035 $a(PQKBWorkID)10608702 035 $a(PQKB)10568437 035 $a(DE-He213)978-3-642-25367-6 035 $a(MiAaPQ)EBC3070993 035 $a(PPN)157506479 035 $a(EXLCZ)993390000000021983 100 $a20111119d2012 u| 0 101 0 $aeng 135 $aurnn#008mamaa 181 $ctxt 182 $cc 183 $acr 200 10$aAdvances in Image and Video Technology$b[electronic resource] $e5th Pacific Rim Symposium, PSIVT 2011, Gwangju, South Korea, November 20-23, 2011, Proceedings, Part I /$fedited by Yo-Sung Ho 205 $a1st ed. 2012. 210 1$aBerlin, Heidelberg :$cSpringer Berlin Heidelberg :$cImprint: Springer,$d2012. 215 $a1 online resource (XVII, 423 p.) 225 1 $aImage Processing, Computer Vision, Pattern Recognition, and Graphics ;$v7087 300 $aBibliographic Level Mode of Issuance: Monograph 311 $a3-642-25366-0 330 $aThe two-volume proceedings LNCS 7087 + LNCS 7088 constitute the proceedings of the 5th Pacific Rim Symposium on Image and Video Technology, PSIVT 2011, held in Gwangju, Korea, in November 2011. The total of 71 revised papers was carefully reviewed and selected from 168 submissions. The topics covered are: image/video coding and transmission; image/video processing and analysis; imaging and graphics hardware and visualization; image/video retrieval and scene understanding; biomedical image processing and analysis; biometrics and image forensics; and computer vision applications. 410 0$aImage Processing, Computer Vision, Pattern Recognition, and Graphics ;$v7087 606 $aMultimedia information systems 606 $aOptical data processing 606 $aComputer graphics 606 $aInformation storage and retrieval 606 $aComputer communication systems 606 $aApplication software 606 $aMultimedia Information Systems$3https://scigraph.springernature.com/ontologies/product-market-codes/I18059 606 $aImage Processing and Computer Vision$3https://scigraph.springernature.com/ontologies/product-market-codes/I22021 606 $aComputer Graphics$3https://scigraph.springernature.com/ontologies/product-market-codes/I22013 606 $aInformation Storage and Retrieval$3https://scigraph.springernature.com/ontologies/product-market-codes/I18032 606 $aComputer Communication Networks$3https://scigraph.springernature.com/ontologies/product-market-codes/I13022 606 $aInformation Systems Applications (incl. Internet)$3https://scigraph.springernature.com/ontologies/product-market-codes/I18040 615 0$aMultimedia information systems. 615 0$aOptical data processing. 615 0$aComputer graphics. 615 0$aInformation storage and retrieval. 615 0$aComputer communication systems. 615 0$aApplication software. 615 14$aMultimedia Information Systems. 615 24$aImage Processing and Computer Vision. 615 24$aComputer Graphics. 615 24$aInformation Storage and Retrieval. 615 24$aComputer Communication Networks. 615 24$aInformation Systems Applications (incl. Internet). 676 $a006.7 702 $aHo$b Yo-Sung$4edt$4http://id.loc.gov/vocabulary/relators/edt 906 $aBOOK 912 $a996466264003316 996 $aAdvances in Image and Video Technology$9772155 997 $aUNISA LEADER 07723 am 2201057 n 450 001 9910495926203321 005 20240104030720.0 010 $a2-7574-3072-6 024 7 $a10.4000/books.septentrion.103062 035 $a(CKB)5590000000433153 035 $a(FrMaCLE)OB-septentrion-103062 035 $a(PPN)253363063 035 $a(EXLCZ)995590000000433153 100 $a20210128j|||||||| ||| 0 101 0 $afre 135 $auu||||||m|||| 200 02$aL?environnement en mal de gestion$eLes apports d?une perspective situationnelle$fRémi Barbier, François-Joseph Daniel, Sara Fernandez, Nathalie Raulet-Croset, Maya Leroy, Lætitia Guérin-Schneider 210 $aVilleneuve d'Ascq$cPresses universitaires du Septentrion$d2021 215 $a1 online resource (358 p.) 311 $a2-7574-3028-9 327 $aDes chlorures dans la Meurthe et la Moselle : un pacte de sel? : explorer l'ajournement dans les situations de gestion environnementale / Sara Fernandez, Anne Rozan -- L'adaptation aux dynamiques de long terme des situations de gestion : e?tude de cas sur les dispositifs de gestion de la protection de la ressource d'eau mine?rale naturelle / Nathalie Raulet-Croset [and three others] -- Quand la pollution des sols fait surface : de l'accommodation a? la gestion assume?e d'un proble?me environnemental silencieux / Ce?cile Ferrieux, Christelle Morel-Journel -- Ge?rer localement l'eau avec les SAGE : mettre les situations en dispositif ou mettre les dispositifs en situation? / Marie-He?le?ne Vergote, Sandrine Petit -- Comment lutter contre une espe?ce exotique envahissante : les dispositifs de gestion de l'ajonc dans les espaces prote?ge?s de La Re?union / Ve?ronique van Tilbeurgh, Nathalie Udo, Anne Atlan -- Situations de gestion environnementale de l'activite? e?olienne en Suisse occidentale : proposition d'un mode?le d'analyse et application / Marie-Joe?lle Kodjovi [and three others] -- La gouvernance territoriale des installations de stockage de de?chets non dangereux (ISDND), une situation de gestion marque?e par la conflictualite? / Marta Matias-Mendes, Jacques Mery -- Qui doit ge?rer l'e?quilibre faune-flore : le chasseur, le forestier ou le lynx? : le retour du lynx dans les Vosges du Nord contribue-t-il a? e?cologiser la gouvernance de la fore?t? / Guillaume Christen -- Me?thode de description d'une situation de gestion environnementale : comprendre la valeur du bino?me situation de gestion/the?orie de l'acteur re?seau comme mode?le de description / Renaud Mousty, Dominique Paturel -- "Bacte?ries : la paix, pas la guerre!" : de la production a? l'e?puration des rejet--enjeu de gestion environnementale / Miche?le Dupre? -- Fabriquer des situations de gestion futures pour favoriser des enjeux environnementaux : quel inte?re?t strate?gique de de?marches prospectives pour des acteurs d'environnement? / Sarah Lumbroso [and three others] -- Facilitation strate?gique en situation de gestion environnementale : quelques enseignements / Laurent Trognon, Elise Levinson -- Inscrire l'animation d'un dispositif de protection de l'eau a? l'e?chelle de l'aire d'alimentation de captage : les limites d'une e?vidence / Fabienne Barataud -- Derrie?re les annonces ambitieuses, ne?gocier la protection de la nature : le cas de la compensation e?cologique / Fanny Guillet, Luc Semal -- "Des e?tudes ont montre?" : contribution a? l'analyse cognitive des situations de gestion environnementale / Re?mi Barbier, Franc?ois-Joseph Daniel, Sara Fernandez -- La qualification de l'environnement en situation multi-re?fe?rentielle : le cas de la gestion des nuisances odorantes / Franc?ois-Joseph Daniel, -- Ge?rer la pe?nurie d'eau par des indicateurs environnementaux : une situation de gestion au pe?rime?tre ne?gocie? / Alexandre Gaudin, Thomas Debril. 330 $aGérer l?environnement... un tel projet peut sembler bien ambitieux, voire illusoire, au regard de la diversité, de l?ampleur et de la complexité des enjeux. Il s?agit pourtant d?un défi incontournable. Pour le relever, il est indispensable de comprendre finement les liens qui se tissent, au sein des territoires, entre les multiples objets d?environnement « en mal de gestion » et les acteurs concernés à un titre ou à un autre par leur devenir. C?est ce à quoi contribue cet ouvrage. À l?aide du concept de situation de gestion environnementale, il propose un éclairage original et pluridisciplinaire sur une variété de problématiques. Il y est question aussi bien de l?eau que de la faune sauvage, des sols, du vent, de la forêt, des espèces invasives? Pour analyser ces situations, l?ouvrage aborde successivement les questions de territoires et de temporalités, de conflictualité, d?outillage gestionnaire et de qualification technique des « états d?environnement ». Managing the environment.... Such a project may seem ambitious. However, it is essential. To contribute to this, this book offers an original and multidisciplinary perspective on a variety of issues. 606 $aEnvironmental studies, Geography & Development 606 $aeau 606 $adéchet 606 $anature 606 $abiodiversité 606 $aéolien 606 $amanagement 606 $adispositif de gestion 606 $aconflit 606 $aterritoire 606 $aprospective environnementale 606 $acompensation 606 $apénurie 615 4$aEnvironmental studies, Geography & Development 615 4$aeau 615 4$adéchet 615 4$anature 615 4$abiodiversité 615 4$aéolien 615 4$amanagement 615 4$adispositif de gestion 615 4$aconflit 615 4$aterritoire 615 4$aprospective environnementale 615 4$acompensation 615 4$apénurie 700 $aAtlan$b Anne$01349283 701 $aBarataud$b Fabienne$01332136 701 $aBarbier$b Rémi$01289544 701 $aBenoît$b Marc$01308872 701 $aBombenger$b Pierre-Henri$01457669 701 $aCherqui$b Adeline$01457670 701 $aChristen$b Guillaume$01309288 701 $aCoreau$b Audrey$01457671 701 $aDaniel$b François-Joseph$01457672 701 $aDebril$b Thomas$01332148 701 $aDumez$b Hervé$0264339 701 $aDupré$b Michèle$01457673 701 $aFernandez$b Sara$01312331 701 $aFerrieux$b Cécile$01457674 701 $aGaudin$b Alexandre$01312332 701 $aGuillet$b Fanny$01457675 701 $aHannachi$b Mourad$01457676 701 $aKodjovi$b Marie-Joëlle$01457677 701 $aLevinson$b Elise$01457678 701 $aLumbroso$b Sarah$01457679 701 $aMatias-Mendes$b Marta$01457680 701 $aMery$b Jacques$01294745 701 $aMorel-Journel$b Christelle$01313520 701 $aMousty$b Renaud$01457681 701 $aNarcy$b Jean-Baptiste$01457682 701 $aPaturel$b Dominique$01078341 701 $aPetit$b Sandrine$081930 701 $aPoux$b Xavier$01457683 701 $aRaulet-Croset$b Nathalie$01457684 701 $aRozan$b Anne$01457685 701 $aSavary$b Pauline$01457686 701 $aSemal$b Luc$01313911 701 $aTrognon$b Laurent$01457687 701 $aUdo$b Nathalie$01349309 701 $aVan Tilbeurgh$b Véronique$01457688 701 $aVergote$b Marie-Hélène$01457689 701 $aLeroy$b Maya$01294044 701 $aGuérin-Schneider$b Lætitia$01289618 801 0$bFR-FrMaCLE 906 $aBOOK 912 $a9910495926203321 996 $aL?environnement en mal de gestion$93658003 997 $aUNINA